000
00284nam a22001337a 4500
003
SGT
082
_a
614.1
_b
F15K
100
_a
KARMAKAR, R.N.
245
_a
FORENSIC MEDICINE AND TOXICOLOGY
260
_a
INDIA
_b
ACADEMIC
_c
2015
300
_a
603
650
_a
FMT
942
_2
ddc
_c
BK
_0
1
999
_c
13162
_d
13162